Modelovanie a simulácia ultra tenkých MOS štruktúr s uvažovaním kvantovo - mechanického tunelovania cez izolačnú bariéru

Na minha lista:
Detalhes bibliográficos
Autor principal: Gubo, Tomáš (Author)
Outros Autores: Racko, Juraj, 1953- (Thesis advisor)
Formato: Manuscrito Livro
Idioma:eslovaco
Publicado em: Bratislava : STU v Bratislave FEI, 2004
Assuntos:
Tags: Adicionar Tag
Sem tags, seja o primeiro a adicionar uma tag!

MARC

LEADER 00000ntm a22000003a 4500
001 stu116566
005 20160719165017.8
008 060424s2004------------------------slo-d
040 |a STU  |b slo 
041 0 |a slo 
100 1 |a Gubo, Tomáš  |4 aut 
245 1 |a Modelovanie a simulácia ultra tenkých MOS štruktúr s uvažovaním kvantovo - mechanického tunelovania cez izolačnú bariéru 
260 |a Bratislava :  |b STU v Bratislave FEI,  |c 2004 
300 |a 46 s 
650 7 |a elektronika  |2 stusub 
700 1 |a Racko, Juraj,  |d 1953-  |4 ths  |u E030  |U FEI Fakulta elektrotechniky a informatiky  |T FEI Ústav elektroniky a fotoniky  |X 4226  |U E030  |Y 549  |7 A000004226